00337nam a2200121Ia 4500008004100000041000800041082001600049100001800065245004500083260004400128300003100172365001200203240624s9999 xx 000 0 und d aeng a338.927 LES aLESSEM RONNIE aINTEGRAL ECONOMICS RELEASING THE ECONOMI c2010aEnglandbGower Publishing Limited axxv, : 381 : p. : cm. ; 24 cBPSb38